| 000 | 007790000a22002410004500 | ||
|---|---|---|---|
| 001 | 152 | ||
| 003 | CO-MdFUSB | ||
| 005 | 20160531124056.0 | ||
| 008 | 160531t1989 miu f |||| 00| 0 eng d | ||
| 020 | _a0-8010-6714-6 | ||
| 040 |
_aCO-MdFUSB _bEspaƱol _cCO-MdFUSB _dCO-MdFUSB |
||
| 041 | 0 | _aeng | |
| 082 | 0 | 4 | _aR 221.4 O976a |
| 100 | 1 | _aOwens, John Joseph | |
| 245 | 0 | 0 |
_aAnalytical key to the Old Testament _c/ John Joseph Owens |
| 264 |
_aGrand Rapidsm Michigan _b : Baker, _c1989 |
||
| 336 |
_2rdacontent _a1 _ba1 |
||
| 337 |
_2rdamedia _a2 _b5 |
||
| 338 |
_2rdacarrier _a2 _b5 |
||
| 505 | 0 | 0 | _aVol. 1 : Genesis - Joshua Vol. 2 : Judges - Chronicles Vol. 3 : Ezra - Song of Solomon Vol. 4 : Isaiah - Malachi |
| 653 |
_aBIBLIA. A.T. _a \ HEBREO _a - GRAMATICA |
||
| 942 | _cBK | ||
| 999 |
_c31690 _d31690 |
||